La Globalización y los desafíos de la sociedad civil regionale n América Latina y el Caribe . = Globalization and Challenges for Regional Civil Society in Latin America an the Caribbean /
Sparad:
| Huvudupphovsman: | |
|---|---|
| Materialtyp: | Text |
| Ämnen: | |
| Taggar: |
Lägg till en tagg
Inga taggar, Lägg till första taggen!
|
MARC
| LEADER | 00000 a a2200000 04500 | ||
|---|---|---|---|
| 001 | 4416 | ||
| 003 | |||
| 040 | |||
| 100 | |a Serbin, Andrés | ||
| 245 | |a La Globalización y los desafíos de la sociedad civil regionale n América Latina y el Caribe . = |b Globalization and Challenges for Regional Civil Society in Latin America an the Caribbean / |c Andrés Serbin | ||
| 650 | |a GLOBALIZACION | ||
| 650 | |a SOCIEDAD CIVIL | ||
| 650 | |a ORGANIZACIONES NO GUBERNAMENTALES | ||
| 650 | |a MOVIMIENTOS SOCIALES | ||
| 773 | |g volumen 15, número 29; páginas 103-122 | ||
| 999 | |c 32718 |d 32718 | ||
